| 000 | 00812cab a2200265 4500 | ||
|---|---|---|---|
| 001 | ABS58710 | ||
| 008 | 090401t1998 xxu||||| |||| 00| 0 eng d | ||
| 035 | _a(Sirsi) u86287 | ||
| 041 | _aeng | ||
| 100 | _aHart, S. | ||
| 245 | _aBe prepared to dig deep for environmental information | ||
| 260 | _c1998 | ||
| 350 | _a0 | ||
| 490 |
_aCSM _bChartered Surveyor Monthly _v7(8) May 1998, 38-39(2) |
||
| 520 | _aAdvises how to investigate a site`s potential contamination history, detailing various sources of information. | ||
| 650 | _aBROWNFIELD SITES | ||
| 650 | _aCONTAMINATED LAND | ||
| 650 | _aHAZARDOUS SUBSTANCES | ||
| 650 | _aPOLLUTED LAND | ||
| 650 | _aPUBLIC REGISTERS | ||
| 650 | _aSITE INVESTIGATION | ||
| 690 | _aENVIRONMENTAL AND LAND CONSULTANCY | ||
| 942 | _n0 | ||
| 948 | _c19/05/1998 | ||
| 999 |
_c54288 _d54288 |
||